European witchcraft / (Record no. 61350)

MARC details
000 -LEADER
campo de control de longitud fija 00617nam a2200217 i 4500
001 - NÚMERO DE CONTROL
campo de control 61350
003 - IDENTIFICADOR DE NÚMERO DE CONTROL
campo de control ES-MaACL
005 - FECHA Y HORA DE LA ÚLTIMA TRANSACCIÓN
campo de control 20230906164434.0
007 - CAMPO FIJO DE DESCRIPCIÓN FÍSICA--INFORMACIÓN GENERAL
campo de control de longitud fija t|
008 - DATOS DE LONGITUD FIJA--INFORMACIÓN GENERAL
campo de control de longitud fija 031111s1969 xxu ||||1| eng d
020 ## - NÚMERO INTERNACIONAL ESTÁNDAR DEL LIBRO
Número Internacional Estándar del Libro 0-394-34197-X
245 00 - MENCIÓN DEL TÍTULO
Título European witchcraft /
Mención de responsabilidad, etc. E. William Monter, editor.
250 ## - MENCION DE EDICION
Mención de edición [1st ed.].
260 ## - PUBLICACIÓN, DISTRIBUCIÓN, ETC.
Lugar de publicación, distribución, etc. New York :
Nombre del editor, distribuidor, etc. Alfred A. Knopf,
Fecha de publicación, distribución, etc. [1969]
300 ## - DESCRIPCIÓN FÍSICA
Extensión XIII, 177 p. ;
Dimensiones 22 cm.
490 1# - MENCIÓN DE SERIE
Mención de serie Major issues in History
700 1# - ENTRADA AGREGADA--NOMBRE PERSONAL
Nombre de persona Monter, E. William.
9 (RLIN) 82462
830 0# - PUNTO DE ACCESO ADICIONAL DE SERIE-TÍTULO UNIFORME
Título uniforme Major issues in History
9 (RLIN) 230593
852 ## - LOCALIZACIÓN
Ubicación ES-MaACL
Número de control de estantería L-11052
Sublocalización o colección R.112686
Holdings
Estatus retirado Estado de pérdida Estado de daño No para préstamo Biblioteca de origen Biblioteca actual Ubicación en estantería Fecha de adquisición Fuente de adquisición Total de préstamos Signatura topográfica completa Código de barras Visto por última vez Precio de reemplazo Tipo de ítem Koha
        Biblioteca del Ateneo de Madrid Biblioteca del Ateneo de Madrid Depósito 2 17/01/2008     L-11052 1064333 23/02/2023 23/02/2023 Libro impreso